000 00628nam a22001817a 4500
003 OSt
005 20240918104804.0
008 240918b ||||| |||| 00| 0 eng d
040 _cAIMIT LIBRARY
100 _aShreyas
_e2216197
_9179276
245 _aStudy on the effect of brand experience on consumer decision making /
_cBy Shreyas ; Guided by Ravi Kudtarkar
260 _aMangalore ;
_c2024.
650 _aIndustry profile company profile and introduction to study
_9179277
650 _aResearch methodology
_9179278
700 _aKudtarkar, Ravi.
_eGuide
_9179279
856 _3Bhawar Lifestyle (Puma)
942 _2ddc
_cPRO
999 _c231819
_d231819